Szczegóły MARC21

Trenażery w grach sportowych /

005 -DATA I CZAS OSTATNIEJ MODYFIKACJI [,]
    • @
    • pole kontrolne
    • 20110412150757.0
020 -Międzynarod. znormalizowany nr książki - ISBN [ , ]
    • a
    • Numer ISBN
    • 9788361414414 Find
040 -Instytucja sporządzająca opis [ , ]
    • a
    • Instytucja, która sporządziła opis (NP)
    • SZCZ U/KLR
    • c
    • Instytucja, która sporządziła rekord (NP)
    • SZCZ U/KLR
    • d
    • Instytucja, która zmodyfikowała rekord (P)
    • SZCZ U/MS
041 -Język dokumentu [0, ]
    • a
    • Język tekstu (P)
    • polski
    • b
    • Język streszczeń lub abstraktu (P)
    • angielski
044 -Kraj miejsca wydania [ , ]
    • a
    • Kraj miejsca wydania
    • Polska
942 -Rodzaj dokumentu [ , ]
    • c
    • Rodzaj dokumentu
    • Książka
100 -Hasło główne - nazwa osobowa [1, ]
    • 9
    • KHW
    • 23578
    • a
    • Nazwa osobowa (NP)
    • Skrypko, Anatol.
245 -Strefa tytułu i oznaczenia odpowiedzialności [1,0]
    • a
    • Tytuł
    • Trenażery w grach sportowych / Find
    • c
    • Pozostałe elementy strefy tytułu i oznaczenia odpowiedzialności (NP)
    • Anatol Skrypko, Piotr Żurek ; Akademia Wychowania Fizycznego im. Eugeniusza Piaseckiego w Poznaniu.
260 -Strefa adresu wydawniczego [ , ]
    • a
    • Miejsce wydania (P)
    • Poznań :
    • b
    • Nazwa wydawcy (P)
    • Akademia Wychowania Fizycznego,
    • c
    • Data wydania (P)
    • 2010.
300 -Strefa opisu fizycznego [ , ]
    • a
    • Określenie formy książki i/lub objętość (NP)
    • 90 s. :
    • b
    • Oznaczenie ilustracji (NP)
    • il. ;
    • c
    • Format (NP)
    • 24 cm.
490 -Strefa serii i książki wielotomowej - forma nie do wyszukiwania [1, ]
    • a
    • Tytuł (P)
    • Seria: Podręczniki / Akademia Wychowania Fizycznego im. Eugeniusza Piaseckiego w Poznaniu, Find
    • v
    • Numeracja (P)
    • nr 61
    • x
    • ISSN (NP)
    • 0303-5107 ;
830 -Hasło dodatkowe serii i opisu książki wielotomowej - tytuł ujednolicony/tytuł [ ,0]
    • 9
    • KHW
    • 18365
    • a
    • Tytuł ujednolicony/tytuł (NP)
    • Monografie, Podręczniki, Skrypty Akademii Wychowania Fizycznego w Poznaniu.
    • p
    • Nazwa części/podserii/sekcji (P)
    • Seria Podręczniki
    • v
    • Oznaczenie tomu (NP)
    • nr 61
    • x
    • ISSN
    • 0303-5107
504 -Uwaga dot. bibliogr. załącznikowej [ , ]
    • a
    • Uwaga dot. bibliografii załącznikowej
    • Bibliogr.
546 -Uwaga dot. języka [ , ]
    • a
    • Uwaga dot. języka
    • Streszcz. ang.
700 -Hasło dodatkowe - nazwa osobowa [1, ]
    • 9
    • KHW
    • 23576
    • a
    • Nazwa osobowa (NP)
    • Żurek, Piotr. Find
920 -ISBN [ , ]
    • a
    • ISBN
    • 978-83-61414-41-4 Find
Sygnatura Data inwentaryzacji Lokalizacja Status udost. Numer inwentarzowy
Urządzenia sportowe 052011-03-28BM1WF.8844